[Event "BCF-chT3Sb 1718 (4NCL)"]
[Site "England"]
[Date "2018.02.10"]
[Round "5.61"]
[White "Friedgood, David"]
[Black "Mihalik, Agoston"]
[Result "1/2-1/2"]
[WhiteElo "2206"]
[BlackElo "2142"]
[PlyCount "86"]
[EventDate "2017.11.11"]
[EventType "team-tourn"]
[EventRounds "11"]
[EventCountry "ENG"]
[SourceTitle "EXT 2020"]
[Source "ChessBase"]
[SourceDate "2019.10.17"]
[SourceVersion "1"]
[SourceVersionDate "2019.10.17"]
[SourceQuality "1"]
[WhiteTeam "MK Phoenix"]
[BlackTeam "Brown Jack"]
[WhiteTeamCountry "ENG"]
[BlackTeamCountry "ENG"]

1. c4 c5 2. Nf3 Nc6 3. g3 g6 4. Bg2 Bg7 5. 0-0 e6 6. e3 Nge7 7. d4 cxd4 8. exd4 d5 9. Nc3 dxc4 10. Qa4 0-0 11. Rd1 Bd7 12. Qxc4 Rc8 13. Qe2 Nb4 14. Bg5 Bc6 15. d5 Nbxd5 16. Nxd5 Bxd5 17. Rxd5 exd5 18. Qxe7 Qxe7 19. Bxe7 Rfe8 20. Ba3 Rc2 21. Ne1 Bxb2 22. Nxc2 Bxa1 23. Bxd5 Bc3 24. Ne3 b6 25. Kg2 Kg7 26. Kf3 b5 27. Bc5 a5 28. g4 h6 29. h4 Bf6 30. Kg3 Rc8 31. Bb6 a4 32. f4 Kf8 33. g5 hxg5 34. hxg5 Be7 35. Kf3 Rc3 36. Ke4 b4 37. Bd4 Rc1 38. Kd3 Bd6 39. f5 Bf4 40. fxg6 fxg6 41. Nc2 b3 42. axb3 axb3 43. Bxb3 Bxg5 1/2-1/2

[Event "BCF-chT2a 1516 (4NCL)"]
[Site "England"]
[Date "2016.03.19"]
[Round "7.211"]
[White "Friedgood, David"]
[Black "Pitcher, John"]
[Result "1-0"]
[WhiteElo "2228"]
[BlackElo "2245"]
[PlyCount "265"]
[EventDate "2015.11.14"]
[EventType "team-tourn"]
[EventRounds "7"]
[EventCountry "ENG"]
[SourceTitle "EXT 2017"]
[Source "ChessBase"]
[SourceDate "2016.10.25"]
[SourceVersion "1"]
[SourceVersionDate "2016.10.25"]
[SourceQuality "1"]
[WhiteTeam "MK Phoenix"]
[BlackTeam "Warwicks Select"]
[WhiteTeamCountry "ENG"]
[BlackTeamCountry "ENG"]

1. c4 c6 2. Nf3 d5 3. e3 Nf6 4. b3 Bf5 5. Bb2 e6 6. Be2 h6 7. 0-0 Nbd7 8. Nc3 Bd6 9. cxd5 exd5 10. d3 0-0 11. e4 Bh7 12. exd5 Nxd5 13. Nxd5 cxd5 14. Rc1 Re8 15. Nd4 Be5 16. Qd2 Qf6 17. Qb4 Rab8 18. Rfe1 a5 19. Qc3 Nf8 20. Bf1 Ne6 21. Rxe5 Qxe5 22. Nb5 Qxc3 23. Bxc3 Rec8 24. Rd1 b6 25. a4 Rc6 26. Be5 Rbc8 27. g3 Rc1 28. Rxc1 Rxc1 29. Kg2 f6 30. Bb8 Nc5 31. Bc7 Nxd3 32. Bxb6 Ne1+ 33. Kh3 Nf3 34. Bg2 Ng5+ 35. Kh4 Be4 36. Bxe4 dxe4 37. Nd4 Rd1 38. Kg4 Rd3 39. Kf4 Rd2 40. Ke3 Rd3+ 41. Kf4 Kf7 42. h4 Nh3+ 43. Kxe4 Nxf2+ 44. Kd5 Rxg3 45. Bxa5 g5 46. Be1 Rg2 47. hxg5 hxg5 48. b4 Nd3 49. Bc3 Ra2 50. a5 g4 51. b5 Ne5 52. Nf5 Kg6 53. Ng3 Ra3 54. Be1 Ra1 55. Bc3 Ra3 56. Be1 Rb3 57. b6 Rb5+ 58. Kd6 Rb1 59. Bc3 Rd1+ 60. Ke6 Nc6 61. a6 Rd3 62. a7 Nxa7 63. bxa7 Rd8 64. Bxf6 Ra8 65. Bd4 Kg5 66. Ke5 Re8+ 67. Kd6 Kf4 68. Be5+ Kf3 69. Kc6 Rxe5 70. a8Q Kxg3 71. Qb8 Kf4 72. Qf8+ Rf5 73. Qb4+ Kf3 74. Qc3+ Kf4 75. Qd4+ Kf3 76. Qd3+ Kf4 77. Qf1+ Ke4 78. Qg2+ Kf4 79. Qf2+ Kg5 80. Qg2 Kf4 81. Qf2+ Kg5 82. Qg3 Rf3 83. Qg2 Rf5 84. Kd6 Rf3 85. Ke5 Re3+ 86. Kd4 Rf3 87. Ke4 Rf4+ 88. Ke3 Rf3+ 89. Ke2 Kf5 90. Qh2 Kg5 91. Qh7 Kf4 92. Qb7 Kg5 93. Qe7+ Kf4 94. Qd6+ Kf5 95. Qh6 Rf4 96. Qh5+ Ke4 97. Qg5 Rf5 98. Qxg4+ Ke5 99. Ke3 Rf7 100. Qd4+ Kf5 101. Qd5+ Kf6 102. Kf4 Kg6+ 103. Kg4 Kf6 104. Qd6+ Kg7 105. Kg5 Rf8 106. Qg6+ Kh8 107. Qh6+ Kg8 108. Qe6+ Kg7 109. Qe7+ Rf7 110. Qe6 Rf8 111. Qe5+ Kf7 112. Qc7+ Ke6 113. Qc6+ Ke7 114. Kg6 Rg8+ 115. Kh7 Rf8 116. Kg7 Rf7+ 117. Kg6 Rf8 118. Qd5 Rf6+ 119. Kg7 Rd6 120. Qe5+ Kd7 121. Kf7 Kc6 122. Ke7 Rd7+ 123. Ke6 Rd8 124. Qc3+ Kb7 125. Qb4+ Kc8 126. Qb6 Re8+ 127. Kd5 Rd8+ 128. Kc5 Kd7 129. Kd5 Ke8+ 130. Kc5 Kd7 131. Qd6+ Ke8 132. Qe6+ Kf8 133. Kc6 1-0

[Event "BCF-chT 9900 (4NCL)"]
[Site "Birmingham"]
[Date "2000.01.23"]
[Round "6.6"]
[White "Friedgood, David"]
[Black "Baker, Chris W"]
[Result "0-1"]
[WhiteElo "2244"]
[BlackElo "2357"]
[PlyCount "46"]
[EventDate "1999.10.??"]
[EventType "team-tourn"]
[EventRounds "11"]
[EventCountry "ENG"]
[SourceTitle "EXT 2000"]
[Source "ChessBase"]
[SourceDate "1999.11.16"]
[SourceVersion "1"]
[SourceVersionDate "1999.11.16"]
[SourceQuality "1"]
[WhiteTeam "The ADS"]
[BlackTeam "BIG"]
[WhiteTeamCountry "ENG"]
[BlackTeamCountry "ENG"]

1. c4 e5 2. Nc3 Nf6 3. Nf3 Nc6 4. e4 Bc5 5. Nxe5 Nxe5 6. d4 Bb4 7. dxe5 Nxe4 8. Qf3 d5 9. Be2 Qe7 10. 0-0 Bxc3 11. bxc3 0-0 12. Bf4 f6 13. cxd5 fxe5 14. Qxe4 Rxf4 15. Qe3 Bf5 16. g3 Ra4 17. c4 Ra3 18. Qc1 Qc5 19. Kg2 Re8 20. Re1 Rf8 21. Bf1 Rf3 22. Rxe5 Rxf2+ 23. Kh1 Bg4 0-1

[Event "BCF-chT 9899 (4NCL)"]
[Site "England"]
[Date "1999.01.24"]
[Round "6.5"]
[White "Friedgood, David"]
[Black "Pritchett, Craig William"]
[Result "1-0"]
[WhiteElo "2240"]
[BlackElo "2325"]
[PlyCount "55"]
[EventDate "1998.10.??"]
[EventType "team-tourn"]
[EventRounds "11"]
[EventCountry "ENG"]
[SourceTitle "EXT 2000"]
[Source "ChessBase"]
[SourceDate "1999.11.16"]
[SourceVersion "1"]
[SourceVersionDate "1999.11.16"]
[SourceQuality "1"]
[WhiteTeam "BCM"]
[BlackTeam "Barbican"]
[WhiteTeamCountry "ENG"]
[BlackTeamCountry "ENG"]

1. c4 e5 2. Nc3 Nf6 3. Nf3 Nc6 4. e4 Bb4 5. d3 0-0 6. g3 Re8 7. Bg2 d6 8. 0-0 h6 9. h3 a6 10. Nd5 Bc5 11. Rb1 a5 12. Ne3 Be6 13. Kh2 Qd7 14. Nh4 Nd4 15. f4 Qd8 16. f5 Bd7 17. Ng4 c6 18. Nxf6+ Qxf6 19. Qh5 Bb6 20. g4 Bd8 21. g5 hxg5 22. Ng6 fxg6 23. fxg6 Nf5 24. Bxg5 Qxg5 25. Qh7+ Kf8 26. Rxf5+ Bxf5 27. Qh8+ Ke7 28. Qxg7+ 1-0

[Event "BCF-chT 9899 (4NCL)"]
[Site "England"]
[Date "1998.10.25"]
[Round "2.4"]
[White "Levitt, Jonathan"]
[Black "Friedgood, David"]
[Result "1-0"]
[WhiteElo "2430"]
[BlackElo "2240"]
[PlyCount "63"]
[EventDate "1998.10.??"]
[EventType "team-tourn"]
[EventRounds "11"]
[EventCountry "ENG"]
[SourceTitle "EXT 2000"]
[Source "ChessBase"]
[SourceDate "1999.11.16"]
[SourceVersion "1"]
[SourceVersionDate "1999.11.16"]
[SourceQuality "1"]
[WhiteTeam "Wood Green"]
[BlackTeam "BCM"]
[WhiteTeamCountry "ENG"]
[BlackTeamCountry "ENG"]

1. d4 Nf6 2. c4 g6 3. Nc3 Bg7 4. e4 d6 5. f3 c6 6. Be3 a6 7. c5 b5 8. cxd6 exd6 9. Bd3 0-0 10. Nge2 Nbd7 11. 0-0 b4 12. Na4 Qa5 13. b3 Bb7 14. Qd2 c5 15. a3 Bc6 16. Rfc1 Rfb8 17. Nb2 Ne8 18. a4 Qd8 19. Rc2 Qe7 20. Rac1 d5 21. e5 Bb7 22. f4 cxd4 23. Nxd4 Rc8 24. Rxc8 Rxc8 25. Rxc8 Bxc8 26. Nc6 Qe6 27. Nd4 Qe7 28. Nc6 Qe6 29. Nxb4 g5 30. Nxd5 gxf4 31. Bxf4 Nxe5 32. Bf5 1-0

[Event "BCF-chT 9697 (4NCL)"]
[Site "England"]
[Date "1997.??.??"]
[Round "11.5"]
[White "Friedgood, David"]
[Black "Sowray, Peter John"]
[Result "1-0"]
[WhiteElo "2270"]
[BlackElo "2350"]
[PlyCount "99"]
[EventDate "1996.10.??"]
[EventType "team-tourn"]
[EventRounds "12"]
[EventCountry "ENG"]
[SourceTitle "EXT 1999"]
[Source "ChessBase"]
[SourceDate "1998.11.16"]
[SourceVersion "1"]
[SourceVersionDate "1998.11.16"]
[SourceQuality "1"]
[WhiteTeam "BCM"]
[BlackTeam "Wood Green"]
[WhiteTeamCountry "ENG"]
[BlackTeamCountry "ENG"]

1. c4 e6 2. g3 d5 3. Bg2 Nf6 4. Nf3 Be7 5. d4 0-0 6. Qc2 c5 7. dxc5 d4 8. b4 a5 9. Bb2 Nc6 10. b5 Nb4 11. Qd1 d3 12. 0-0 Bxc5 13. Nc3 a4 14. a3 Nc2 15. Ra2 dxe2 16. Qxe2 Nd4 17. Nxd4 Bxd4 18. Rd1 e5 19. Ne4 Bf5 20. Nxf6+ Qxf6 21. Bxb7 Rad8 22. Bd5 Rxd5 23. cxd5 Bg4 24. Qxg4 Qxf2+ 25. Kh1 f5 26. Bxd4 Qxa2 27. Qf3 exd4 28. d6 Qc4 29. b6 Qc5 30. d7 Qd6 31. Qf4 Qxd7 32. Qxd4 Qb7+ 33. Qd5+ Rf7 34. Qxb7 Rxb7 35. Rb1 Kf7 36. Kg2 Ke6 37. Kf3 g5 38. h4 h6 39. hxg5 hxg5 40. Rb5 Kf6 41. Ke2 Ke6 42. Kd3 Kd7 43. Kc4 Kc8 44. Rc5+ Kb8 45. Rxf5 Rg7 46. Kb5 Kb7 47. g4 Re7 48. Rxg5 Re3 49. Rg7+ Kb8 50. Kxa4 1-0